000 00476nam a2200157 4500
001 120871
003 ES-MaACL
005 20230906191635.0
007 t|
008 070214s1913 sp r ||||1| spa d
100 1 _aPrat y Solé, Jaime.
_993679
245 1 0 _aEstudio químico-biológico del indol
_b: tesis doctoral /
_cJaime Prat y Solé.
260 _aBarcelona :
_b[s. n.],
_c1913 (
_fImp. de Pedro Ortega)
502 _aTesis doctoral.
852 _aES-MaACL
_jT-1369-F-12
999 _c120871
_d120871